000 00567nam a2200193 i 4500
001 82350
003 ES-MaACL
005 20230906174646.0
007 t|
008 041110s1961 sp ||||1| spa d
100 0 _aIgnacio de Loyola
_c, Santo.
_965147
245 1 0 _aAutobiografía
_b: ejercicios espirituales /
_cSan Ignacio de Loyola.
260 _a[S.l. :
_bs.n.,
_c1961] (
_eMadrid :
_fDirección)
300 _a342 p. :
_bretr. aut. ;
_c11 cm.
490 1 _aCrisol
830 0 _aCrisol
_9180848
852 _aES-MaACL
_jD-6730
_bR.47889
999 _c82350
_d82350